| 000 | 00567nam a22001817a 4500 | ||
|---|---|---|---|
| 003 | CEME | ||
| 005 | 20210628203303.0 | ||
| 008 | 210125b xxu||||| |||| 00| 0 eng d | ||
| 020 | _a978817554-4833 | ||
| 040 | _c. | ||
| 082 | _a658.15 BAR | ||
| 100 |
_aBarrow, Colin _964494 |
||
| 245 | _aPractical financial management, a guide to budgets, balance sheets and business finance | ||
| 260 |
_aNEW DELHI _bKOGAN PAGE _c2010 |
||
| 300 | _aXIII,196P | ||
| 650 |
_aFINANCIAL MANAGEMENT.A GUIDE TO BUDGETS, BALANCE SHEETS AND BUSINESS FINANCE _964495 |
||
| 942 |
_cBK _2ddc |
||
| 999 |
_c572968 _d572968 |
||